| 000 | 00518pab a2200181 454500 | ||
|---|---|---|---|
| 008 | 180718b2012 xxu||||| |||| 00| 0 eng d | ||
| 100 | _aPrasad, D. Ravindra | ||
| 245 | _aPublic private partnerships in urban infrastructure in India: Policy and practice | ||
| 260 | _c2012 | ||
| 300 | _ap.23-44. | ||
| 362 | _aJan - Mar | ||
| 650 | _aUrban basic services - India | ||
| 650 | _aPublic private partnerships | ||
| 700 | _aChary, V. Srinivas | ||
| 773 | _aManagement in Government | ||
| 908 | _aN | ||
| 909 | _a96108 | ||
| 999 |
_c96108 _d96108 |
||